[Event "Festival de Calviá 2009 - 6. Open s2300"]
[Site "Calvia ESP"]
[Date "2009.10.17"]
[Round "8.1"]
[White "Alcaraz Ortega, Javier"]
[Black "Vega Gomez, Francisco B"]
[Result "1-0"]
[WhiteElo "2236"]
[BlackElo "2226"]
[PlyCount "105"]
[EventDate "2009.10.10"]
[EventType "swiss"]
[EventRounds "9"]
[EventCountry "ESP"]
[Source "lmi"]
[SourceDate "2009.10.10"]

1. c4 c5 2. Nf3 g6 3. g3 Bg7 4. Bg2 Nc6 5. Nc3 e5 6. d3 Nge7 7. O-O O-O 8. Ne1
f5 9. Nc2 d6 10. Ne3 Be6 11. Ned5 Rb8 12. a3 a6 13. Rb1 b5 14. b4 cxb4 15. axb4
Qd7 16. Bd2 Kh8 17. e3 Bg8 18. Qe2 Rfc8 19. Rfc1 bxc4 20. dxc4 e4 21. b5 axb5
22. Nxe7 Bxc4 23. Nxc6 Bxe2 24. Nxb8 Rxb8 25. Nxe2 g5 26. Bc3 Bxc3 27. Rxc3 d5
28. Nd4 f4 29. Rcb3 f3 30. Bf1 b4 31. Rxb4 Rxb4 32. Rxb4 h5 33. h3 g4 34. h4
Qa7 35. Rb5 Qd7 36. Rc5 Kh7 37. Bb5 Qd6 38. Rc6 Qb4 39. Bf1 Qa4 40. Rd6 Qa5 41.
Nf5 Qc5 42. Rh6+ Kg8 43. Rxh5 Kf7 44. Rg5 Kf6 45. Nd4 Qa5 46. Rxg4 Qa8 47. Rf4+
Kg6 48. Rf5 Qa2 49. h5+ Kh6 50. g4 Qa8 51. Rf6+ Kg5 52. Rg6+ Kh4 53. Nf5# 1-0

[Event "Festival de Calviá 2009 - 6. Open s2300"]
[Site "Calvia ESP"]
[Date "2009.10.17"]
[Round "8.2"]
[White "Gomez Jurado, Luis Alberto"]
[Black "Spence, David J"]
[Result "1/2-1/2"]
[WhiteElo "2287"]
[BlackElo "2223"]
[PlyCount "60"]
[EventDate "2009.10.10"]
[EventType "swiss"]
[EventRounds "9"]
[EventCountry "ESP"]
[Source "lmi"]
[SourceDate "2009.10.10"]

1. d4 e6 2. Nf3 Nf6 3. c4 b6 4. g3 Ba6 5. Qb3 d5 6. cxd5 Qxd5 7. Qd1 Bb4+ 8.
Nc3 Qa5 9. Bd2 Nbd7 10. Bg2 Rd8 11. O-O O-O 12. Re1 c5 13. a3 Bxc3 14. Bxc3 Qb5
15. a4 Qc6 16. Ne5 Qc7 17. Nc6 Ra8 18. dxc5 bxc5 19. Ba5 Nb6 20. Qc2 c4 21. Bb4
Rfe8 22. Nd4 Nbd5 23. Bd2 Rab8 24. e4 Nb4 25. Bxb4 Rxb4 26. Qc3 Reb8 27. e5 Nd7
28. Nc6 Rxb2 29. Nxb8 Rxb8 30. Rac1 Nc5 1/2-1/2

[Event "Festival de Calviá 2009 - 6. Open s2300"]
[Site "Calvia ESP"]
[Date "2009.10.17"]
[Round "8.3"]
[White "Lind, Jan-Olov"]
[Black "Gonzalez Arribas, Vidal A"]
[Result "1-0"]
[WhiteElo "2189"]
[BlackElo "2286"]
[PlyCount "79"]
[EventDate "2009.10.10"]
[EventType "swiss"]
[EventRounds "9"]
[EventCountry "ESP"]
[Source "lmi"]
[SourceDate "2009.10.10"]

1. e4 c5 2. Nf3 Nc6 3. d3 g6 4. g3 Bg7 5. Bg2 Nf6 6. O-O d5 7. Nbd2 O-O 8. Re1
Qc7 9. a3 Rd8 10. Rb1 b5 11. exd5 Nxd5 12. Qe2 Bg4 13. h3 Nd4 14. Qd1 Nxf3+ 15.
Nxf3 Bf5 16. Nh4 Bc8 17. Qe2 c4 18. Rd1 Bb7 19. Nf3 cxd3 20. Rxd3 Rac8 21. Ne1
h6 22. Qd1 e6 23. c3 a5 24. Nc2 b4 25. axb4 Ba6 26. Rd2 axb4 27. Nxb4 Nxb4 28.
cxb4 Qb6 29. Rxd8+ Rxd8 30. Qe1 Rb8 31. Bf4 e5 32. Bd2 f5 33. Rc1 e4 34. Bc3
Bf8 35. Bf1 Bxf1 36. Qxf1 Rc8 37. Qd1 Qe6 38. Qd4 g5 39. Ra1 Re8 40. Qh8+ 1-0

[Event "Festival de Calviá 2009 - 6. Open s2300"]
[Site "Calvia ESP"]
[Date "2009.10.17"]
[Round "8.4"]
[White "Fruebing, Thomas"]
[Black "Lacrosse, Marc"]
[Result "1/2-1/2"]
[WhiteElo "2232"]
[BlackElo "2179"]
[PlyCount "60"]
[EventDate "2009.10.10"]
[EventType "swiss"]
[EventRounds "9"]
[EventCountry "ESP"]
[Source "lmi"]
[SourceDate "2009.10.10"]

1. e4 e5 2. Nc3 Nc6 3. f4 Bc5 4. Nf3 d6 5. Bb5 Nge7 6. Na4 a6 7. Bxc6+ Nxc6 8.
Nxc5 dxc5 9. d3 Bg4 10. h3 Bxf3 11. Qxf3 Qd4 12. c3 Qd6 13. O-O f6 14. Qg4 O-O
15. Be3 Qxd3 16. Bxc5 Rf7 17. Qe6 Qb5 18. b4 Nd8 19. Qb3 b6 20. Be3 Qd3 21.
Rae1 Nc6 22. Bc1 b5 23. fxe5 Nxe5 24. Bf4 Re8 25. Bxe5 Rxe5 26. Rf3 Qd6 27. Rf5
g6 28. Rxe5 Qxe5 29. Re3 Kg7 30. Qd5 Re7 1/2-1/2

[Event "Festival de Calviá 2009 - 6. Open s2300"]
[Site "Calvia ESP"]
[Date "2009.10.17"]
[Round "8.5"]
[White "Galiana Salom, Juan Ramon"]
[Black "Gaya Llodra, Juan"]
[Result "0-1"]
[WhiteElo "2216"]
[BlackElo "2218"]
[PlyCount "130"]
[EventDate "2009.10.10"]
[EventType "swiss"]
[EventRounds "9"]
[EventCountry "ESP"]
[Source "lmi"]
[SourceDate "2009.10.10"]

1. d4 Nf6 2. c4 g6 3. Nc3 d5 4. cxd5 Nxd5 5. Bd2 Bg7 6. e4 Nb6 7. Be3 O-O 8.
Qd2 Nc6 9. Rd1 e5 10. d5 Nd4 11. Bd3 c6 12. dxc6 bxc6 13. Nge2 Be6 14. O-O Qe7
15. Bh6 Rfd8 16. Bxg7 Kxg7 17. Qe3 Rab8 18. b3 c5 19. Qg3 c4 20. bxc4 Nxc4 21.
Nxd4 exd4 22. Ne2 Nb2 23. Rd2 Rb6 24. Bb1 Bc4 25. Rc1 Bxe2 26. Rxe2 d3 27. Rd2
Qxe4 28. h3 Qb4 29. Qe5+ Kg8 30. Qc7 Rbd6 31. Qc3 Rb6 32. Kh2 Na4 33. Qxb4 Rxb4
34. Rxd3 Rdb8 35. Bc2 Rc8 36. Rb1 Rxb1 37. Bxb1 Nc3 38. Bc2 Nxa2 39. Ba4 Nc3
40. Bb3 Rc7 41. Rf3 Ne4 42. Rf4 Nc5 43. Ba2 Kf8 44. h4 Kg7 45. g4 Nd3 46. Rf3
Ne5 47. Rf4 Rc2 48. Bd5 Rd2 49. Bb3 Rd3 50. Bc4 Rf3 51. Rxf3 Nxf3+ 52. Kg3 Ne5
53. Bb5 f6 54. Kf4 Nf7 55. Ke3 g5 56. hxg5 fxg5 57. Kd4 Kf6 58. Ba6 Ne5 59. Bc8
Nf3+ 60. Kc5 Nd2 61. Bd7 Ke5 62. Kb5 Ne4 63. Ka6 Nf6 64. Bc8 Kf4 65. Kxa7 Nxg4
0-1

[Event "Festival de Calviá 2009 - 6. Open s2300"]
[Site "Calvia ESP"]
[Date "2009.10.17"]
[Round "8.6"]
[White "Munar Rossello, Pedro"]
[Black "Cruz, Jonathan"]
[Result "0-1"]
[WhiteElo "2144"]
[BlackElo "2292"]
[PlyCount "110"]
[EventDate "2009.10.10"]
[EventType "swiss"]
[EventRounds "9"]
[EventCountry "ESP"]
[Source "lmi"]
[SourceDate "2009.10.10"]

1. e4 c5 2. Nf3 d6 3. d4 cxd4 4. Nxd4 Nf6 5. Nc3 a6 6. f3 e5 7. Nb3 Be6 8. Be3
Be7 9. Qd2 Nbd7 10. g4 Nb6 11. O-O-O Nc4 12. Bxc4 Bxc4 13. g5 Nh5 14. Rhg1 O-O
15. Nd5 Bxd5 16. Qxd5 Qc7 17. Rd2 a5 18. Kb1 a4 19. Nc1 a3 20. b3 Qc3 21. Nd3
Rfb8 22. Rdg2 Nf4 23. Bxf4 exf4 24. Qc4 Qxc4 25. bxc4 Rc8 26. Nxf4 Rxc4 27. Nd5
Bd8 28. Rd1 Ra5 29. Rd3 Rb5+ 30. Rb3 Rd4 31. Kc1 Rxb3 32. cxb3 Rd3 33. Rc2 Kf8
34. f4 Rh3 35. Kd1 Ke8 36. b4 Kd7 37. Rc3 Rxh2 38. Rxa3 h5 39. Ra7 h4 40. Rxb7+
Kc8 41. Rxf7 h3 42. Ne3 Rh1+ 43. Ke2 Re1+ 44. Kxe1 h2 45. Nf5 h1=Q+ 46. Ke2
Qxe4+ 47. Kd1 Bc7 48. g6 Kb8 49. Rf8+ Kb7 50. Rf7 Kb6 51. Ne7 Bd8 52. Nc8+ Kc6
53. b5+ Kd5 54. b6 Qd3+ 55. Ke1 Bh4# 0-1

[Event "Festival de Calviá 2009 - 6. Open s2300"]
[Site "Calvia ESP"]
[Date "2009.10.17"]
[Round "8.7"]
[White "Andersen, Lars Even"]
[Black "Ask, Josef"]
[Result "1-0"]
[WhiteElo "2242"]
[BlackElo "2181"]
[PlyCount "43"]
[EventDate "2009.10.10"]
[EventType "swiss"]
[EventRounds "9"]
[EventCountry "ESP"]
[Source "lmi"]
[SourceDate "2009.10.10"]

1. Nf3 Nf6 2. c4 g6 3. Nc3 Bg7 4. g3 O-O 5. Bg2 d6 6. O-O e5 7. d3 h6 8. Rb1 a5
9. a3 Re8 10. Ne1 c6 11. e4 Be6 12. f4 exf4 13. gxf4 Ng4 14. f5 Bd4+ 15. Kh1
Nxh2 16. Rf4 Be5 17. fxe6 Rxe6 18. d4 Qg5 19. dxe5 dxe5 20. Rf3 Qh4 21. Rh3 Qf2
22. Qd8+ 1-0

[Event "Festival de Calviá 2009 - 6. Open s2300"]
[Site "Calvia ESP"]
[Date "2009.10.17"]
[Round "8.8"]
[White "Pettersson, Anders"]
[Black "Ducros Salva, Antonio"]
[Result "1/2-1/2"]
[WhiteElo "2049"]
[BlackElo "2239"]
[PlyCount "74"]
[EventDate "2009.10.10"]
[EventType "swiss"]
[EventRounds "9"]
[EventCountry "ESP"]
[Source "lmi"]
[SourceDate "2009.10.10"]

1. d4 g6 2. c4 f5 3. Nf3 Bg7 4. Nc3 c6 5. Bf4 d6 6. h4 Nh6 7. Qd2 Nf7 8. O-O-O
Qa5 9. h5 e5 10. dxe5 dxe5 11. hxg6 hxg6 12. Rxh8+ Bxh8 13. Bg5 Be6 14. e4 f4
15. Bh4 Nd7 16. Ng5 Nxg5 17. Bxg5 Qc7 18. g3 fxg3 19. fxg3 Nf6 20. Qh2 Bg7 21.
Bh3 Bxh3 22. Qxh3 Qe7 23. Rf1 Rd8 24. Qg2 Kf7 25. g4 Kg8 26. Qf2 Rf8 27. Qxa7
Qe6 28. Qxb7 Qxc4 29. Re1 Nxg4 30. Qd7 Nf2 31. Kc2 Rf3 32. Re3 Rxe3 33. Bxe3
Nxe4 34. Qd8+ Kf7 35. Qd7+ Kg8 36. Qd8+ Kf7 37. Qd7+ Kg8 1/2-1/2

[Event "Festival de Calviá 2009 - 6. Open s2300"]
[Site "Calvia ESP"]
[Date "2009.10.17"]
[Round "8.9"]
[White "Massanet Massanet, Sebastian"]
[Black "Korhonen, Pasi"]
[Result "1-0"]
[WhiteElo "2297"]
[BlackElo "2116"]
[PlyCount "61"]
[EventDate "2009.10.10"]
[EventType "swiss"]
[EventRounds "9"]
[EventCountry "ESP"]
[Source "lmi"]
[SourceDate "2009.10.10"]

1. d4 Nf6 2. Nf3 e6 3. g3 b6 4. Bg2 Bb7 5. O-O Be7 6. c4 d5 7. Ne5 O-O 8. Nc3
Nbd7 9. Qa4 c5 10. Nxd7 Nxd7 11. cxd5 cxd4 12. Qxd4 Bf6 13. Qd1 Bxc3 14. bxc3
Bxd5 15. Bxd5 exd5 16. Qxd5 Nc5 17. Qf3 Re8 18. Be3 Ne4 19. Rfd1 Qc8 20. Rd3
Qe6 21. h4 Nf6 22. Rad1 Qxa2 23. Qxa8 Rxa8 24. Rd8+ Ne8 25. Rxa8 f5 26. Rxe8+
Kf7 27. Ra8 Qxe2 28. Rxa7+ Kg6 29. Rd6+ Kh5 30. Rxg7 h6 31. Rxh6# 1-0

[Event "Festival de Calviá 2009 - 6. Open s2300"]
[Site "Calvia ESP"]
[Date "2009.10.17"]
[Round "8.10"]
[White "Barcelo Pujadas, Pedro Jose"]
[Black "Elenius, Erik"]
[Result "1-0"]
[WhiteElo "2249"]
[BlackElo "2121"]
[PlyCount "63"]
[EventDate "2009.10.10"]
[EventType "swiss"]
[EventRounds "9"]
[EventCountry "ESP"]
[Source "lmi"]
[SourceDate "2009.10.10"]

1. Nf3 Nf6 2. c4 g6 3. g3 Bg7 4. Bg2 O-O 5. O-O d6 6. d4 Nbd7 7. Nc3 e5 8. e4
c6 9. h3 Qb6 10. c5 dxc5 11. dxe5 Ne8 12. e6 fxe6 13. Ng5 Ne5 14. f4 c4+ 15.
Kh2 Nd3 16. e5 Nc7 17. Qe2 Nd5 18. h4 Bd7 19. Nce4 h6 20. Nf3 Qd8 21. Nd6 b5
22. b3 Nxc1 23. Raxc1 cxb3 24. axb3 a5 25. Qe4 Ne7 26. Rfd1 Ra7 27. Nd4 Nf5 28.
Nxc6 Nxd6 29. Rxd6 Bxc6 30. Rcxc6 Rd7 31. Qxg6 Rxd6 32. Rxd6 1-0

[Event "Festival de Calviá 2009 - 6. Open s2300"]
[Site "Calvia ESP"]
[Date "2009.10.17"]
[Round "8.11"]
[White "Hutchinson, Paul A"]
[Black "Schuermans, Robert"]
[Result "1-0"]
[WhiteElo "2228"]
[BlackElo "2103"]
[PlyCount "79"]
[EventDate "2009.10.10"]
[EventType "swiss"]
[EventRounds "9"]
[EventCountry "ESP"]
[Source "lmi"]
[SourceDate "2009.10.10"]

1. Nf3 Nc6 2. d4 d5 3. c4 Bg4 4. cxd5 Bxf3 5. gxf3 Qxd5 6. e3 e5 7. Nc3 Bb4 8.
Bd2 Bxc3 9. bxc3 Qd6 10. Rb1 b6 11. Rg1 Nge7 12. f4 exf4 13. e4 Qe6 14. Qf3 O-O
15. Bxf4 Ng6 16. Bd2 Rae8 17. Bd3 f5 18. Qe2 Qd7 19. Qh5 Na5 20. f3 fxe4 21.
fxe4 Nf4 22. Bxf4 Rxf4 23. e5 h6 24. Qxh6 Rg4 25. Qh7+ Kf8 26. Qh8+ Ke7 27.
Qxg7+ Rxg7 28. Rxg7+ Kd8 29. Rxd7+ Kxd7 30. Kf2 Ke6 31. h4 Rh8 32. Rh1 c5 33.
h5 cxd4 34. cxd4 Nc6 35. Ke3 Rh6 36. Ke4 Ne7 37. d5+ Kd7 38. Bb5+ Kd8 39. d6
Ng6 40. Rg1 1-0

[Event "Festival de Calviá 2009 - 6. Open s2300"]
[Site "Calvia ESP"]
[Date "2009.10.17"]
[Round "8.13"]
[White "Dzubasz, Tino"]
[Black "Tscharotschkin, Michael"]
[Result "0-1"]
[WhiteElo "2071"]
[BlackElo "2194"]
[PlyCount "71"]
[EventDate "2009.10.10"]
[EventType "swiss"]
[EventRounds "9"]
[EventCountry "ESP"]
[Source "lmi"]
[SourceDate "2009.10.10"]

1. e4 e6 2. d4 d5 3. Nc3 Bb4 4. e5 c5 5. Bd2 Nc6 6. Nb5 Bxd2+ 7. Qxd2 Nxd4 8.
Nxd4 cxd4 9. Qxd4 Ne7 10. Bd3 Nc6 11. Qg4 Qa5+ 12. Kf1 Bd7 13. Nf3 O-O-O 14.
Qxg7 h6 15. Qf6 Qb4 16. Rb1 Na5 17. a3 Qb6 18. Qf4 Nc6 19. h4 Qc7 20. Qf6 Rhg8
21. Re1 Qb6 22. b4 Nd4 23. Nxd4 Qxd4 24. Qxh6 f5 25. g3 Kb8 26. Qe3 Qb2 27. Qc1
Qd4 28. Qe3 Qb2 29. Qc5 b6 30. Qd6+ Ka8 31. h5 Rge8 32. h6 Ba4 33. h7 Rxd6 34.
exd6 Rh8 35. Rxe6 Bd7 36. Re7 0-1

[Event "Festival de Calviá 2009 - 6. Open s2300"]
[Site "Calvia ESP"]
[Date "2009.10.17"]
[Round "8.14"]
[White "Rautanen, Sari"]
[Black "Bendayan Claros, Aaron"]
[Result "0-1"]
[WhiteElo "1993"]
[BlackElo "2179"]
[PlyCount "90"]
[EventDate "2009.10.10"]
[EventType "swiss"]
[EventRounds "9"]
[EventCountry "ESP"]
[Source "lmi"]
[SourceDate "2009.10.10"]

1. Nf3 d5 2. g3 Nf6 3. Bg2 e6 4. O-O Nbd7 5. d3 c6 6. b3 Qc7 7. Bb2 Bd6 8. Nbd2
O-O 9. e4 e5 10. Qe2 Re8 11. Nh4 Nf8 12. h3 Bd7 13. Nf5 Bc5 14. Qf3 Bxf5 15.
Qxf5 Qd7 16. Qxd7 N8xd7 17. Rfe1 d4 18. a3 b5 19. Rf1 Nf8 20. f4 N6d7 21. Nf3
f6 22. Nh4 a5 23. Bc1 Bd6 24. Bd2 a4 25. Nf5 Bc7 26. b4 g6 27. Nh6+ Kg7 28.
fxe5 Nxe5 29. Kh2 Bd6 30. Rab1 Rab8 31. Ng4 Nxg4+ 32. hxg4 Ne6 33. c4 dxc3 34.
Bxc3 Be5 35. Bxe5 fxe5 36. Rbc1 Nd4 37. g5 Rf8 38. Bh3 Rxf1 39. Rxf1 Rf8 40.
Rc1 Rf2+ 41. Kg1 Rc2 42. Rxc2 Nxc2 43. Bd7 Nxa3 44. Bxc6 Nc2 45. Bxb5 a3 0-1

[Event "Festival de Calviá 2009 - 6. Open s2300"]
[Site "Calvia ESP"]
[Date "2009.10.17"]
[Round "8.16"]
[White "Salido Polo, Veronica"]
[Black "Carrasco Sagredo, Manuel"]
[Result "0-1"]
[WhiteElo "1964"]
[BlackElo "2133"]
[PlyCount "54"]
[EventDate "2009.10.10"]
[EventType "swiss"]
[EventRounds "9"]
[EventCountry "ESP"]
[Source "lmi"]
[SourceDate "2009.10.10"]

1. e4 c5 2. Nf3 Nc6 3. d4 cxd4 4. Nxd4 Nf6 5. Nc3 d6 6. Be3 Ng4 7. Bg5 h6 8.
Bh4 g5 9. Bg3 Bg7 10. Bb5 O-O 11. Bxc6 bxc6 12. h3 Ne5 13. O-O Qb6 14. Nb3 f5
15. Bxe5 Bxe5 16. Qh5 Bg7 17. Rae1 f4 18. h4 g4 19. e5 Rf5 20. Qe8+ Rf8 21.
Qxe7 dxe5 22. Rxe5 Ba6 23. Qe6+ Kh7 24. Rh5 Rae8 25. Qxg4 Bxf1 26. Kxf1 Qa6+
27. Ne2 f3 0-1

[Event "Festival de Calviá 2009 - 6. Open s2300"]
[Site "Calvia ESP"]
[Date "2009.10.18"]
[Round "9.1"]
[White "Gaya Llodra, Juan"]
[Black "Alcaraz Ortega, Javier"]
[Result "1/2-1/2"]
[WhiteElo "2218"]
[BlackElo "2236"]
[PlyCount "39"]
[EventDate "2009.10.10"]
[EventType "swiss"]
[EventRounds "9"]
[EventCountry "ESP"]
[Source "lmi"]
[SourceDate "2009.10.10"]

1. d4 Nf6 2. Nf3 e6 3. g3 c5 4. Bg2 Qa5+ 5. Nbd2 cxd4 6. O-O Nc6 7. Nb3 Qc7 8.
Nbxd4 a6 9. c4 Be7 10. Bf4 d6 11. Nxc6 Qxc6 12. Ne5 Qc7 13. Qa4+ Nd7 14. Nxd7
Bxd7 15. Qb3 Bc6 16. c5 Bxg2 17. cxd6 Bxd6 18. Bxd6 Qxd6 19. Kxg2 O-O 20. Rac1
1/2-1/2

[Event "Festival de Calviá 2009 - 6. Open s2300"]
[Site "Calvia ESP"]
[Date "2009.10.18"]
[Round "9.2"]
[White "Spence, David J"]
[Black "Lind, Jan-Olov"]
[Result "1/2-1/2"]
[WhiteElo "2223"]
[BlackElo "2189"]
[PlyCount "39"]
[EventDate "2009.10.10"]
[EventType "swiss"]
[EventRounds "9"]
[EventCountry "ESP"]
[Source "lmi"]
[SourceDate "2009.10.10"]

1. e4 c5 2. c3 d5 3. exd5 Qxd5 4. d4 e6 5. Nf3 Nf6 6. a3 cxd4 7. cxd4 Be7 8.
Nc3 Qd6 9. Bd3 O-O 10. O-O Nc6 11. Be3 b6 12. Qe2 Bb7 13. Rad1 Rac8 14. Rfe1
Rfd8 15. Bg5 g6 16. Bb1 Nd5 17. Ne4 Qc7 18. Ba2 Bxg5 19. Nexg5 Qe7 20. Qe4
1/2-1/2

[Event "Festival de Calviá 2009 - 6. Open s2300"]
[Site "Calvia ESP"]
[Date "2009.10.18"]
[Round "9.3"]
[White "Cruz, Jonathan"]
[Black "Fruebing, Thomas"]
[Result "1-0"]
[WhiteElo "2292"]
[BlackElo "2232"]
[PlyCount "87"]
[EventDate "2009.10.10"]
[EventType "swiss"]
[EventRounds "9"]
[EventCountry "ESP"]
[Source "lmi"]
[SourceDate "2009.10.10"]

1. d4 e6 2. c4 b6 3. a3 Bb7 4. Nc3 f5 5. d5 Bd6 6. g3 Nf6 7. Bg2 O-O 8. e3 Qe7
9. Nge2 a6 10. O-O e5 11. e4 f4 12. gxf4 Ng4 13. f5 Qh4 14. h3 Nf6 15. Ng3 Bc5
16. Qd3 g6 17. fxg6 hxg6 18. Be3 d6 19. Bxc5 bxc5 20. Nce2 Nbd7 21. Rac1 Rae8
22. Qe3 Rf7 23. b4 Bc8 24. f4 exf4 25. Rxf4 Qh6 26. bxc5 Nxc5 27. Rcf1 Rfe7 28.
Nc3 Nh7 29. h4 Re5 30. Qf3 Rf8 31. Rf7 Ree8 32. h5 Nd7 33. hxg6 Qxg6 34. Rxf8+
Ndxf8 35. Nf5 Bxf5 36. exf5 Qf6 37. Ne4 Qd4+ 38. Kh1 Qxc4 39. Qg4+ Kf7 40.
Nxd6+ cxd6 41. Qxc4 Nf6 42. Qxa6 N8d7 43. Qxd6 Rh8+ 44. Kg1 1-0

[Event "Festival de Calviá 2009 - 6. Open s2300"]
[Site "Calvia ESP"]
[Date "2009.10.18"]
[Round "9.4"]
[White "Vega Gomez, Francisco B"]
[Black "Gomez Jurado, Luis Alberto"]
[Result "1-0"]
[WhiteElo "2226"]
[BlackElo "2287"]
[PlyCount "171"]
[EventDate "2009.10.10"]
[EventType "swiss"]
[EventRounds "9"]
[EventCountry "ESP"]
[Source "lmi"]
[SourceDate "2009.10.10"]

1. Nf3 c5 2. g3 Nc6 3. d4 cxd4 4. Nxd4 e5 5. Nxc6 bxc6 6. Bg2 Nf6 7. O-O h6 8.
c4 Bc5 9. Nc3 O-O 10. Na4 Be7 11. c5 Rb8 12. b3 Qc7 13. Bd2 Ba6 14. Rc1 Rfc8
15. Qe1 Bb5 16. Ba5 Qb7 17. Nb2 d5 18. cxd6 Bxd6 19. Nc4 Bxc4 20. Rxc4 Qa6 21.
Qd2 c5 22. Rfc1 Bf8 23. Ra4 Qe6 24. Qc2 Re8 25. Bd2 a6 26. Qc4 Rb6 27. Qxe6
Rbxe6 28. Be3 e4 29. Bxc5 Bxc5 30. Rxc5 Rd8 31. Bh3 Rd1+ 32. Kg2 Re8 33. Rc8
Kf8 34. Rxe8+ Kxe8 35. Bc8 Nd5 36. Rxe4+ Kf8 37. Bxa6 Nc3 38. Rc4 Nxa2 39. Rc7
Rd6 40. Bc4 Rf6 41. e4 g5 42. f3 Nb4 43. Kf2 Nc6 44. Ke3 Ne5 45. Be2 Rb6 46.
Rc3 Kg7 47. f4 Nd7 48. Bc4 Nf6 49. h3 Rb8 50. Rd3 Rb7 51. Bd5 Ra7 52. b4 Ra1
53. fxg5 hxg5 54. Kd4 Rb1 55. Rb3 Rd1+ 56. Ke5 Nd7+ 57. Kd6 Nf6 58. Kc5 Rc1+
59. Kd4 Rd1+ 60. Rd3 Rb1 61. Bb3 Nd7 62. e5 Re1 63. Re3 Rb1 64. Kc4 f6 65.
exf6+ Kxf6 66. b5 Nb6+ 67. Kc5 Nd7+ 68. Kb4 g4 69. h4 Kf5 70. Kc3 Rc1+ 71. Kd2
Rc7 72. Be6+ Kf6 73. Bxd7 Rxd7+ 74. Rd3 Ra7 75. Rb3 Kg6 76. b6 Rb7 77. Rb5 Kh6
78. Ke3 Rb8 79. b7 Kg6 80. Kf4 Kh6 81. Kxg4 Kg6 82. Rb6+ Kh7 83. Kf5 Rf8+ 84.
Ke5 Rb8 85. Kd5 Kg7 86. Ke4 1-0

[Event "Festival de Calviá 2009 - 6. Open s2300"]
[Site "Calvia ESP"]
[Date "2009.10.18"]
[Round "9.5"]
[White "Lacrosse, Marc"]
[Black "Andersen, Lars Even"]
[Result "1-0"]
[WhiteElo "2179"]
[BlackElo "2242"]
[PlyCount "75"]
[EventDate "2009.10.10"]
[EventType "swiss"]
[EventRounds "9"]
[EventCountry "ESP"]
[Source "lmi"]
[SourceDate "2009.10.10"]

1. d4 Nf6 2. c4 e6 3. Nf3 b6 4. a3 Bb7 5. Nc3 d5 6. cxd5 Nxd5 7. Qc2 Be7 8. e4
Nxc3 9. bxc3 O-O 10. Bd3 c5 11. O-O cxd4 12. cxd4 Nc6 13. Bb2 Rc8 14. Qe2 Na5
15. Rfe1 Bf6 16. Rad1 Qc7 17. Nd2 Rfd8 18. e5 Be7 19. h4 Bd5 20. h5 Nc4 21. Rc1
b5 22. Nxc4 bxc4 23. Bb1 Qb7 24. Rc3 Rb8 25. Qc2 g6 26. Ba1 Bxg2 27. Rg3 Bf3
28. hxg6 hxg6 29. Bc3 Bxa3 30. Kh2 Kg7 31. Rxg6+ fxg6 32. Qxg6+ Kf8 33. Rg1 Qf7
34. Qh6+ Ke7 35. Rg7 Rf8 36. Qf6+ Ke8 37. Bg6 Bh5 38. Rxf7 1-0

[Event "Festival de Calviá 2009 - 6. Open s2300"]
[Site "Calvia ESP"]
[Date "2009.10.18"]
[Round "9.6"]
[White "Draghici Flutur, Gravril"]
[Black "Massanet Massanet, Sebastian"]
[Result "1-0"]
[WhiteElo "2194"]
[BlackElo "2297"]
[PlyCount "145"]
[EventDate "2009.10.10"]
[EventType "swiss"]
[EventRounds "9"]
[EventCountry "ESP"]
[Source "lmi"]
[SourceDate "2009.10.10"]

1. e4 e6 2. d4 d5 3. Nc3 Nf6 4. e5 Nfd7 5. f4 c5 6. Nf3 Nc6 7. Be3 cxd4 8. Nxd4
Qb6 9. Qd2 Qxb2 10. Rb1 Qa3 11. Bb5 Nxd4 12. Bxd4 a6 13. Bxd7+ Bxd7 14. Rb3 Qe7
15. Rxb7 Qh4+ 16. Bf2 Qd8 17. O-O Qc8 18. Rfb1 Bc5 19. Bxc5 Qxc5+ 20. Kh1 Bc8
21. R7b6 O-O 22. Rd6 f6 23. Ne2 fxe5 24. fxe5 Qf2 25. Qd3 Ra7 26. h3 Rb7 27.
Rd1 Rbf7 28. Nd4 Re8 29. a4 Qf4 30. Qe2 Qg5 31. Nf3 Qg3 32. Rd4 Rf4 33. Qe3 g5
34. c3 Ref8 35. Rxf4 gxf4 36. Qe1 Qxe1+ 37. Nxe1 Kg7 38. Kg1 Kg6 39. Kf2 Kf5
40. Nf3 Ke4 41. a5 Kd3 42. Rc6 Bd7 43. Rxa6 Kxc3 44. Rd6 Bb5 45. Rxe6 d4 46.
Rd6 d3 47. e6 Ra8 48. e7 Rxa5 49. Rd8 Ra2+ 50. Kg1 Re2 51. Nd4 Rxe7 52. Nxb5+
Kd2 53. Nd4 Re3 54. Kf2 Kd1 55. Nf3 Re2+ 56. Kf1 Re3 57. Rd4 Kc2 58. Rc4+ Kb2
59. Rxf4 Kc3 60. Rf7 h5 61. Rc7+ Kb2 62. Rc5 h4 63. Rc4 Kb3 64. Rxh4 Kc3 65.
Rh8 Re4 66. Rc8+ Kb2 67. h4 Rf4 68. Ke1 Re4+ 69. Kf2 Re2+ 70. Kf1 Rc2 71. Rd8
Rc1+ 72. Ne1 Rc4 73. g3 1-0

[Event "Festival de Calviá 2009 - 6. Open s2300"]
[Site "Calvia ESP"]
[Date "2009.10.18"]
[Round "9.7"]
[White "Gonzalez Arribas, Vidal A"]
[Black "Pettersson, Anders"]
[Result "0-1"]
[WhiteElo "2286"]
[BlackElo "2049"]
[PlyCount "84"]
[EventDate "2009.10.10"]
[EventType "swiss"]
[EventRounds "9"]
[EventCountry "ESP"]
[Source "lmi"]
[SourceDate "2009.10.10"]

1. c4 c5 2. Nf3 Nf6 3. Nc3 Nc6 4. g3 d5 5. cxd5 Nxd5 6. Bg2 Nc7 7. O-O e5 8. d3
Be7 9. Be3 Bd7 10. a3 O-O 11. Rc1 f6 12. Nd2 Kh8 13. Na4 b6 14. b4 Nd4 15. Bxd4
cxd4 16. Bxa8 Nxa8 17. e4 dxe3 18. fxe3 Bh3 19. Rf2 Qxd3 20. Qb3 Qd7 21. Nf3
Be6 22. Qc2 Qb7 23. Nc3 Rc8 24. Rff1 Qa6 25. Qb2 b5 26. Ne4 Bc4 27. Rfd1 Qb7
28. Nfd2 Nb6 29. Nc5 Qc6 30. Ndb3 Kg8 31. Na5 Qe8 32. Nxc4 Nxc4 33. Qb3 Bxc5
34. bxc5 Rxc5 35. Rd3 h6 36. Rcd1 Kh7 37. Rd7 e4 38. Rxa7 Ne5 39. Rf1 Qh5 40.
Qb4 Nf3+ 41. Rxf3 exf3 42. Qe4+ Rf5 0-1

[Event "Festival de Calviá 2009 - 6. Open s2300"]
[Site "Calvia ESP"]
[Date "2009.10.18"]
[Round "9.8"]
[White "Tscharotschkin, Michael"]
[Black "Barcelo Pujadas, Pedro Jose"]
[Result "1/2-1/2"]
[WhiteElo "2194"]
[BlackElo "2249"]
[PlyCount "66"]
[EventDate "2009.10.10"]
[EventType "swiss"]
[EventRounds "9"]
[EventCountry "ESP"]
[Source "lmi"]
[SourceDate "2009.10.10"]

1. Nf3 d5 2. d4 Nf6 3. c4 dxc4 4. Nc3 e6 5. e3 c5 6. Bxc4 a6 7. O-O b5 8. Bd3
Bb7 9. Qe2 Nbd7 10. b3 cxd4 11. exd4 Be7 12. Bb2 O-O 13. Rad1 Rc8 14. Ne5 Nb6
15. Bb1 Nbd5 16. Nxd5 Qxd5 17. f3 Qd6 18. Nd3 Qb6 19. Kh1 Nd5 20. Ne5 Rfd8 21.
f4 g6 22. Rd3 b4 23. Rh3 Rc3 24. Rxh7 Kxh7 25. Qh5+ Kg7 26. Bxg6 Rh3 27. Qxh3
fxg6 28. Qd3 Rf8 29. Qxg6+ Kh8 30. Qh5+ Kg7 31. Qg6+ Kh8 32. Qh5+ Kg7 33. Qg4+
Kh7 1/2-1/2

[Event "Festival de Calviá 2009 - 6. Open s2300"]
[Site "Calvia ESP"]
[Date "2009.10.18"]
[Round "9.9"]
[White "Ducros Salva, Antonio"]
[Black "Minina, Veronika"]
[Result "1/2-1/2"]
[WhiteElo "2239"]
[BlackElo "2167"]
[PlyCount "77"]
[EventDate "2009.10.10"]
[EventType "swiss"]
[EventRounds "9"]
[EventCountry "ESP"]
[Source "lmi"]
[SourceDate "2009.10.10"]

1. c4 Nf6 2. g3 g6 3. Bg2 Bg7 4. Nc3 O-O 5. d3 c5 6. a3 Nc6 7. Rb1 a6 8. e3 Rb8
9. b4 cxb4 10. axb4 b5 11. cxb5 axb5 12. d4 d5 13. Nge2 e6 14. Nf4 Ne8 15. Qc2
Bd7 16. Nd3 Nd6 17. Nc5 Nc4 18. h4 h6 19. Kf1 Ne7 20. Ne2 Bc6 21. Bb2 Nf5 22.
Kg1 Ra8 23. Nc1 h5 24. N1d3 Qd6 25. Bc1 Ra7 26. Bh3 Ne7 27. f4 Rfa8 28. Rh2 Nc8
29. Rf2 Be8 30. Qd1 Qc7 31. Qf3 N8d6 32. Kh2 f5 33. Rc2 Ne4 34. Qe2 Bf6 35. Bg2
Bc6 36. Bf3 Bg7 37. Bg2 Bf6 38. Rb3 Ra1 39. Bh3 1/2-1/2